Apoyamos la huelga bancaria porque es justa

Salvato in:
Dettagli Bibliografici
Ente Autore: Coordinadora Sindical del Sector Público
Natura: testo
Pubblicazione: San José: El Comité
Tags: Aggiungi Tag
Nessun Tag, puoi essere il primo ad aggiungerne!!

MARC

LEADER 00000 a a2200000 04500
001 14218
003
040 |a CRAI/IIS  |c CRAI/IIS 
090 |a 027300  
110 |a Coordinadora Sindical del Sector Público  
245 |a Apoyamos la huelga bancaria porque es justa  
260 |a San José:   |b El Comité  
300 |a 3 p  
999 |c 11970  |d 11970